000 00303nam a2200109 4500
999 _c9992
_d9992
008 180725b ||||| |||| 00| 0 eng d
245 _aUM student tops inventors awards.
260 _aDavao City
_bSun Star Davao
_cc2016
300 _apage 12.
650 0 _929497
_aUniversity of Mindanao.
942 _2ddc
_cPER